000
00226nam a22000857a 4500
999
_c
10978
_d
10978
008
180706b ||||| |||| 00| 0 eng d
100
_a
Stevenson Louis
_9
6776
245
_a
Dr Jekyll and Mr Hyde
260
_a
New Delhi
_b
Campfire
_c
2016